| 000 | 00561nam a2200193 a 4500 | ||
|---|---|---|---|
| 005 | 20210223125906.0 | ||
| 008 | 060502s1998 mx r 000 0 spa d | ||
| 020 | _a9500362546 | ||
| 035 | _aUPN01000144110 | ||
| 049 | _aCG | ||
| 050 | 4 |
_aPQ8519 Q5 _bC8.3 |
|
| 100 | 1 |
_aQuiroga, Horacio, _d1878-1937 _929892 |
|
| 245 | 1 | 0 |
_aCuentos de amor, de locura y de muerte / _cHoracio Quiroga. |
| 260 |
_aBuenos Aries : _bLosada, _c1998. |
||
| 300 | _a166 p. | ||
| 440 | 0 | _aBiblioteca clásica y contemporánea | |
| 650 | 4 |
_aCUENTOS URUGUAYOS _910233 |
|
| 905 | _aLibro | ||
| 999 |
_c116257 _d116257 |
||